| 000 | 00567nam a2200205Ia 4500 | ||
|---|---|---|---|
| 003 | OSt | ||
| 005 | 20220107122733.0 | ||
| 008 | 130318s9999 xx 000 0 und d | ||
| 020 | _a9788177581546 | ||
| 040 | _cIIITM-K | ||
| 082 | _a005.18 SIM/E;7 | ||
| 100 |
_aSimon, David E _93644 |
||
| 245 |
_aAn embedded software primer _cby David E Simon |
||
| 260 |
_bPearson Education, _aNew Delhi, _c1999. |
||
| 300 |
_a443p. _e1 CD ROM |
||
| 650 |
_aCOMPUTER SCIENCE _93645 |
||
| 650 |
_aEMBEDDED SYSTEMS _93646 |
||
| 650 |
_aCOMPUTER SRCHITECTURE _93647 |
||
| 942 |
_2ddc _cBK |
||
| 999 |
_c3717 _d3717 |
||